Sports Quiz

Random Sports or War Quiz

MLB: All-Time 'S' Team Quiz Stats

 Plays Quiz not verified by Sporcle

Score 0/28 Timer 06:00
0 Plays Today
Position Name % Correct
SSOzzie Smith
92.9%
RF/CF/1BReggie Smith
92.9%
RPLee Smith
92.9%
3BMike Schmidt
91.8%
SPTom Seaver
86.1%
2BRyne Sandberg
85.2%
3BRon Santo
76%
SP/RPJohn Smoltz
75.8%
CTed Simmons
74.6%
LFAl Simmons
74.6%
CFTris Speaker
74.4%
SPWarren Spahn
70.1%
SPDon Sutton
69.4%
RPBruce Sutter
68.9%
Position Name % Correct
1BGeorge Sisler
62.1%
LFWillie Stargell
61.2%
CFDuke Snider
60.5%
RFSammy Sosa
54.4%
SPCurt Schilling
53.4%
RF/LF/3BGary Sheffield
51.1%
RFIchiro Suzuki
49.4%
2BRed Schoendienst
43.5%
SSJoe Sewell
36.2%
SPBret Saberhagen
33.6%
CWally Schang
20.5%
SP/RPUrban Shocker
14.4%
1B/OFHarry Stovey
8.9%
RP/SPGreg Swindell
6.8%

You're not logged in!

Compare scores with friends on all Sporcle quizzes.
OR
Log In

Sporcle TV

Today on Sporcle TV


Watch our educational content, quiz creation guides, and fun videos on Sporcle TV.

Show Comments

Extras

Top Quizzes Today


Score Distribution

Your Account Isn't Verified!

In order to create a playlist on Sporcle, you need to verify the email address you used during registration. Go to your Sporcle Settings to finish the process.

Report this User

Report this user for behavior that violates our Community Guidelines.

Details: